Προβλήματα συμπεριφοράς στο σχολείο : οικοσυστημική προσέγγιση

Αποθηκεύτηκε σε:
Λεπτομέρειες βιβλιογραφικής εγγραφής
Κύριος συγγραφέας: Molnar, Alex
Άλλοι συγγραφείς: Lindquist, Barbara, Καλαντζή-Αζίζι, Αναστασία (edtf)
Μορφή: Βιβλίο
Γλώσσα:Greek
English
Δημοσίευση: Αθήνα : Ελληνικά Γράμματα, 1995.
Έκδοση:3η έκδ.
Θέματα:
Ετικέτες: Προσθήκη ετικέτας
Δεν υπάρχουν, Καταχωρήστε ετικέτα πρώτοι!

MARC

LEADER 00000cam a2200000 i 4500
001 1/58190
008 020211s1995 gr | ||| |||| ||gre||
020 |a 960701958X 
035 |l 10000288 
040 |a GR-MyUa  |b gre  |e AACR2 
041 1 |a gre  |h eng 
082 7 |a 371.93   |2 (22) 
100 1 |a Molnar, Alex. 
245 1 0 |a Προβλήματα συμπεριφοράς στο σχολείο :   |b οικοσυστημική προσέγγιση /   |c Alex Molnar, Barbara Lindquist ; επιμέλεια Α. Καλαντζή-Αζίζι. 
250 |a 3η έκδ. 
260 |a Αθήνα :   |b Ελληνικά Γράμματα,   |c 1995. 
300 |a 221 σ. ;   |c 23 εκ. 
500 |a Τίτλος πρωτοτύπου: Changing problem behavior in schools. 
650 0 |a Behavior disorders in children  |z United States. 
650 0 |a Problem children  |x Education  |z United States. 
650 0 |a Behavior modification  |z United States. 
650 0 |a Behavior therapy  |x Methods. 
650 0 |a Behavior disorders in children  |x Treatment. 
650 0 |a Schools. 
650 0 |a Teaching. 
700 1 |a Lindquist, Barbara. 
700 1 |a Καλαντζή-Αζίζι, Αναστασία,  |e edtf 
852 |a INST  |b RHODES  |e 20020211  |h 371.93 MOL  |p 005400016721  |q 005400016721  |t BK  |y 0 
970 |a Κουλακιότη  |b Λίτσα   |z 2002/02/11